La cultura y el proceso de globalización en el desarrollo de las pequeñas y medianas empresas latinoamericanas /

Enregistré dans:
Détails bibliographiques
Auteur principal: Arroyo Venegas, Isabel
Format: Texte
Sujets:
Tags: Ajouter un tag
Pas de tags, Soyez le premier à ajouter un tag!

MARC

LEADER 00000 a a2200000 04500
001 3057
003
040
100 |a Arroyo Venegas, Isabel  
245 |a La cultura y el proceso de globalización en el desarrollo de las pequeñas y medianas empresas latinoamericanas /  |c Isabel Arroyo Venegas 
650 |a EMPRESAS MEDIANAS  
650 |a PEQUEÑAS EMPRESS  
650 |a CULTURA  
650 |a GLOBALIZACION  
650 |a ADMINISTRACION  
650 |a AMERICA LATINA  
773 |g volumen 26, número 1; páginas 381-395  
999 |c 23783  |d 23783